Управлению наношероховатостью и рост трехмерных структур на поверхности кальцийфосфатного покрытия, полученного методом ВЧ магнетронного распыления; Перспективные материалы с иерархической структурой для новых технологий и надежных конструкций

Bibliografiske detaljer
Parent link:Перспективные материалы с иерархической структурой для новых технологий и надежных конструкций.— 2017.— [С. 436-437]
Hovedforfatter: Просолов К. А. Константин Александрович
Institution som forfatter: Национальный исследовательский Томский политехнический университет (ТПУ) Физико-технический институт (ФТИ) Кафедра экспериментальной физики (ЭФ)
Andre forfattere: Белявская О. А., Шаркеев Ю. П. Юрий Петрович
Summary:Заглавие с экрана
Sprog:russisk
Udgivet: 2017
Serier:Научные основы разработки материалов с многоуровневой иерархической структурой, в том числе для экстремальных условий эксплуатации
Fag:
Online adgang:http://www.ispms.ru/files/Conference/2017_m/sb_tez_2017.pdf#page=436
Format: MixedMaterials Electronisk Book Chapter
KOHA link:https://koha.lib.tpu.ru/cgi-bin/koha/opac-detail.pl?biblionumber=657031

MARC

LEADER 00000nla2a2200000 4500
001 657031
005 20231228120944.0
035 |a (RuTPU)RU\TPU\network\23511 
035 |a RU\TPU\network\23510 
090 |a 657031 
100 |a 20171226d2017 k y0rusy50 ca 
101 0 |a rus 
102 |a RU 
105 |a a z 101zy 
135 |a drgn ---uucaa 
181 0 |a i  
182 0 |a b 
200 1 |a Управлению наношероховатостью и рост трехмерных структур на поверхности кальцийфосфатного покрытия, полученного методом ВЧ магнетронного распыления  |f К. А. Просолов, О. А. Белявская, Ю. П. Шаркеев 
203 |a Текст  |c электронный 
225 1 |a Научные основы разработки материалов с многоуровневой иерархической структурой, в том числе для экстремальных условий эксплуатации 
300 |a Заглавие с экрана 
463 1 |0 (RuTPU)RU\TPU\network\23304  |t Перспективные материалы с иерархической структурой для новых технологий и надежных конструкций  |o тезисы докладов Международной конференции, 9-13 октября 2017 г., Томск  |f Российская академия наук (РАН), Сибирское отделение (СО), Институт физики прочности и материаловедения (ИФПМ)  |v [С. 436-437]  |d 2017 
610 1 |a электронный ресурс 
610 1 |a труды учёных ТПУ 
610 1 |a шероховатость 
610 1 |a трехмерные структуры 
610 1 |a поверхности 
610 1 |a кальцийфосфатные покрытия 
610 1 |a ВЧ-магнетронное распыление 
610 1 |a медицинское материаловедение 
610 1 |a имплантанты 
610 1 |a титан 
610 1 |a биоактивные покрытия 
610 1 |a титановые подложки 
610 1 |a гидроксиапатиты 
700 1 |a Просолов  |b К. А.  |c физик  |c младший научный сотрудник Томского политехнического университета  |f 1991-  |g Константин Александрович  |3 (RuTPU)RU\TPU\pers\47152 
701 1 |a Белявская  |b О. А. 
701 1 |a Шаркеев  |b Ю. П.  |c физик  |c профессор Томского политехнического университета, доктор физико-математических наук  |f 1950-  |g Юрий Петрович  |3 (RuTPU)RU\TPU\pers\31437  |9 15599 
712 0 2 |a Национальный исследовательский Томский политехнический университет (ТПУ)  |b Физико-технический институт (ФТИ)  |b Кафедра экспериментальной физики (ЭФ)  |3 (RuTPU)RU\TPU\col\21255 
801 1 |a RU  |b 63413507  |c 20101016 
801 2 |a RU  |b 63413507  |c 20220330  |g RCR 
856 4 |u http://www.ispms.ru/files/Conference/2017_m/sb_tez_2017.pdf#page=436 
942 |c CF